Catálogo de la Colección de Ordenes Generales de Rentas (Record no. 100791)
[ view plain ]
| 000 -LEADER | |
|---|---|
| campo de control de longitud fija | 00837nam a2200205 i 4500 |
| 001 - NÚMERO DE CONTROL | |
| campo de control | 100791 |
| 003 - IDENTIFICADOR DE NÚMERO DE CONTROL | |
| campo de control | ES-MaACL |
| 005 - FECHA Y HORA DE LA ÚLTIMA TRANSACCIÓN | |
| campo de control | 20251011063120.0 |
| 007 - CAMPO FIJO DE DESCRIPCIÓN FÍSICA--INFORMACIÓN GENERAL | |
| campo de control de longitud fija | t| |
| 008 - DATOS DE LONGITUD FIJA--INFORMACIÓN GENERAL | |
| campo de control de longitud fija | 051005s1950 sp ||||1| spa d |
| 100 1# - ENTRADA PRINCIPAL--NOMBRE DE PERSONA | |
| Nombre de persona | Matilla Tascón, Antonio, |
| Fechas asociadas al nombre | 1914-2001 |
| 9 (RLIN) | 79079 |
| 245 10 - MENCIÓN DEL TÍTULO | |
| Título | Catálogo de la Colección de Ordenes Generales de Rentas |
| Resto del título | : (aportación para la historia de los tributos...) / |
| Mención de responsabilidad, etc. | por A. Matilla Tascón. |
| 260 ## - PUBLICACIÓN, DISTRIBUCIÓN, ETC. | |
| Lugar de publicación, distribución, etc. | Madrid : |
| Nombre del editor, distribuidor, etc. | [s.n.], |
| Fecha de publicación, distribución, etc. | 1950 ( |
| Fabricante | Sucesores de Peña Cruz) |
| 300 ## - DESCRIPCIÓN FÍSICA | |
| Extensión | 1 v. ; |
| Dimensiones | 24 cm. |
| 500 ## - NOTA GENERAL | |
| Nota general | Precede al tít.: Servicios de Estudios de la Inspección General del Ministerio de Hacienda. |
| 505 8# - NOTA DE CONTENIDO CON FORMATO | |
| Nota de contenido con formato | Contiene: T. I.-- (Siglo XVIII).- XIII, 727 p. |
| 710 1# - ENTRADA AGREGADA--NOMBRE DE ENTIDAD CORPORATIVA | |
| Nombre de entidad corporativa o nombre de jurisdicción como elemento de entrada | España. |
| Unidad subordinada | Ministerio de Hacienda. |
| -- | Inspección General. |
| 9 (RLIN) | 3875 |
| 852 ## - LOCALIZACIÓN | |
| Ubicación | ES-MaACL |
| Número de control de estantería | P-987 |
| Estatus retirado | Estado de pérdida | Estado de daño | No para préstamo | Biblioteca de origen | Biblioteca actual | Ubicación en estantería | Fecha de adquisición | Fuente de adquisición | Total de préstamos | Signatura topográfica completa | Código de barras | Visto por última vez | Precio de reemplazo | Tipo de ítem Koha |
|---|---|---|---|---|---|---|---|---|---|---|---|---|---|---|
| Biblioteca del Ateneo de Madrid | Biblioteca del Ateneo de Madrid | Depósito 2 | 17/01/2008 | P-987 | 1105229 | 23/02/2023 | 23/02/2023 | Libro impreso |
